000 00934nam a2200253 a 4500
005 20260112063250.0
020 _a9788177227550
039 _a202110121632
_bstaff
_c201301090341
_d staff
_c201301090340
_d staff
_c201005280001
_d staff
_y 201003290309
_z staff
050 _a658.804
_bGIL
082 _a658.804
_bGIL [ Shelf 68]
100 _aGillespie, Kate.
245 _aGlobal marketing /
_cKate Gillespie, Jean-Pierre Jeannett, H. David Hennessey.
250 _a2nd ed.
260 _aBoston :
_bHoughton Mifflin Co.,
_cc2007.
300 _axviii, 618 p. :
_bill. ;
_c26 cm.
504 _aIncludes bibliographical references and indexes.
650 _aExport marketing.
650 _aExport marketing
_x Management.
700 _aJeannet, Jean-Pierre.
700 _aHennessey, Hubert D.
991 _aVIRTUA40
991 _aVTLSSORT0080*0200*0500*0820*1000*2450*2500*2600*3000*5040*6500*6501*7000*7001*9992
909 _a2473
999 _c2363
_d2363